Coups spéciaux et final smash - Statistiques

Statistiques générales
  • Ce quiz a été pris 4 fois
  • Le résultat moyen est 19 sur 342
Statistiques - réponses
personnage Réponse % Correct
captain falcon falcon punch
67%
PK fire
67%
lucas PK freeze
67%
PK thunder
67%
raptor boost
67%
link arc
33%
attaque en vrille
33%
lucario aurasphère
33%
berceuse
33%
bombe
33%
boomerang
33%
luigi | mario boule de feu
33%
C4
33%
canne à pêche
33%
cape
33%
mr. game and watch chef
33%
clonage
33%
contre
33%
eau bénite
33%
falcon kick
33%
final mario
33%
fire
33%
snake grenade
33%
J.E.T
33%
judge
33%
limit
33%
marteau
33%
octopus
33%
oil panic
33%
omnislash
33%
peau de banane
33%
ness PK flash
33%
repos
33%
rocher
33%
rondoudou roulade
33%
rouleau
33%
téléport
33%
toupie
33%
vendetta
33%
acolytes zapper nes
0%
aiguillon mortel
0%
amorce tourbillon
0%
zelda amour de nayru
0%
Apothéose infernale
0%
arc archéonique
0%
arc argent
0%
link cartoon arc du héros
0%
pit/pit maléfique arc palutena
0%
artillerie lourde
0%
shulk arts monado
0%
ascension du dragon
0%
attaque circulaire
0%
sonic attaque téléguidé
0%
attraction
0%
kirby | roi dadidou aval'tout
0%
back slash
0%
balle graine
0%
mewtwo ball'ombre
0%
barrière miroir
0%
bâton maléfique
0%
falco | fox | wolf blaster
0%
blazer
0%
blizzard
0%
bombe à distance
0%
bombe bowser
0%
bombe crash
0%
bombe splash
0%
boomerang royal
0%
bouche d'incendie
0%
boucle express
0%
bouclier de feuilles
0%
boutefeu
0%
bras cyber
0%
bras déchainé
0%
bras rotor
0%
marth/lucina brise bouclier
0%
brûleur robotique
0%
bowser jr canon junior
0%
cape dimensionnelle
0%
cascade
0%
changement
0%
charge du dragon
0%
chimère
0%
choc mental
0%
climhazard
0%
dr. mario colère de la jungle
0%
duo duck hunt combo conserve
0%
contre attaque
0%
contre du dragon
0%
cloud contre taillade
0%
contre ventral
0%
cordée
0%
coud'krâne
0%
coup-croix
0%
coup de boule
0%
coup de marteau
0%
coup de pied turbo
0%
coup de poing de giga bowser
0%
donkey kong coup de poing géant
0%
coup descendant
0%
course tourbillon
0%
crépuscule
0%
croix
0%
olimar cueillette pikmin
0%
cypher
0%
dadiruée
0%
daisy en fleurs
0%
danse sheikah
0%
dans les cordes
0%
dark body press x
0%
félinferno dark lariat
0%
déflecteur
0%
Bayonetta Déluge de balles
0%
little mac direct destructeur
0%
disparition
0%
don du vol
0%
double tranchant
0%
drap
0%
duo
0%
échappée belle
0%
pichu | pikachu éclair bondissant
0%
écras'face
0%
ectoblast 5000
0%
électacle
0%
embrasement
0%
empoigne sauvage
0%
enchaînement
0%
entaille aérienne
0%
entrave
0%
envol emplumé
0%
envol impétueux
0%
envol propulsé
0%
Envoûtement
0%
épée dansante
0%
roy/chrom épée flamboyante
0%
équipe star fox
0%
équipe star wolf
0%
ike éruption
0%
esquive et contre
0%
éther
0%
éther de l'éveil
0%
étoile géante
0%
étranglement
0%
explosion
0%
explosion daisy
0%
explosion peach
0%
falcon bleu
0%
fatal-foudre
0%
feu de din
0%
flash wolf
0%
link enfant flèche de feu
0%
focus attack
0%
forte-paume
0%
forteresse toupie
0%
daraen foudre
0%
fouet lianes
0%
fouet plasma
0%
fragments d'étoile
0%
frappe critique
0%
frappe psy
0%
frappe triforce
0%
pac man fruit bonus
0%
furie de giga mac
0%
fusée fox
0%
fusée gyroïde
0%
fusée wolf
0%
ganon
0%
gifle
0%
grand croix
0%
grand éther
0%
grenade à deux temps
0%
simon/richter hache
0%
ken | ryu hadoken
0%
hâte
0%
haut-perceur
0%
hélice dorsale
0%
hydrocanon
0%
iceberg
0%
illusion
0%
illusion ténébreuse
0%
jet d'oeuf
0%
kanon k rool
0%
kart junior
0%
diddy kong kawouetto-flingue
0%
K.O
0%
lame spectrale
0%
sheik lance-aiguilles
0%
lance-flammes
0%
lancer de minérisson
0%
lancer de pikmin
0%
rob laser robotique
0%
laser zéro
0%
entraineuse wii fit le grand étirement
0%
légume
0%
inkling liquidateur
0%
maillet à réaction
0%
main verte
0%
mairie de rêve
0%
maison de rêve
0%
méchakoopa
0%
mégagonflage
0%
méga légendes
0%
méga vitamines
0%
wario miam miam
0%
marie | villageois mise en poche
0%
missile
0%
missile téléguidé
0%
missile vert
0%
nosferatu
0%
oiseau de feu
0%
ombrelle
0%
ombre portée
0%
pac-saut
0%
peach en fleurs
0%
peinture d'antimario
0%
perce-tout
0%
pied du sorcier
0%
piège gyroïde
0%
piétinement
0%
pigeon d'argile
0%
pikmin ailés
0%
piqué falcon
0%
dresseur de pokémon pistolet à o
0%
samus sans armure pistolet paralysant
0%
PK sandstorm
0%
plaquage volant
0%
plongeon sombre
0%
yoshi ponte d'oeuf
0%
prescription finale
0%
prise de tête
0%
psy magnet
0%
quadrige foudroyant
0%
rapido rocket
0%
rassemblement pikmin
0%
rayon plasma
0%
reflet
0%
repli
0%
reprise de la tête
0%
respiration abdominale
0%
ressort rush
0%
rugissement torrentiel
0%
satellites gardiens
0%
saut propulsé
0%
saut tranchant
0%
saut vrillé
0%
saut vrillé avant
0%
mega man scie métal
0%
amphinobi sheauriken
0%
shinku hadoken
0%
shinryuken
0%
shin shoryuken
0%
shippu jinraikyaku
0%
shoryuken
0%
ridley souffle ardent
0%
Bowser souffle de feu
0%
super anneau étoile
0%
super cerceaux
0%
super épée
0%
super pac-gomme
0%
super pacman
0%
super poing sauté
0%
super rapido rocket
0%
super saut
0%
super saut de dadidou
0%
super sonic
0%
samus/samus sombre super tir
0%
super tranche
0%
taillade croisée
0%
taille triforce
0%
Talonnade
0%
tatsumaki senpukyaku
0%
technique secrète ninja
0%
téléportation
0%
tempête
0%
tempête aura
0%
corrin tir crocs de dragon
0%
tir de suppression
0%
tire-bouchon
0%
ice climbers tir glace
0%
harmonie et luma tir luma
0%
peach/daisy toad
0%
tornade dr. mario
0%
tornade luigi
0%
meta knight tornade mach
0%
Torsion de sorcière
0%
tourniquet kong
0%
tranch'herbe
0%
triforce de la sagesse
0%
triple finish
0%
king k rool tromblon
0%
trou noir et méga laser
0%
uppercut
0%
uppercut aérien
0%
vent de farore
0%
vent wario
0%
palutena viseur auto
0%
vision
0%
vitesse extrême
0%
vive-attaque
0%
vive lame
0%
vol
0%
voyage en ballons
0%
wario bike
0%
wario-man
0%
ganondorf warlock punch
0%
wii fit
0%
wild gunman
0%
Aucun quiz correspondant
Distribution des résultats
% des personnes avec chaque résultat
Percentile par nombre de réponses
Votre historique - résultats
Vous n’avez pas pris ce quiz